[Event "Forni di Sopra Dolomiti 2018"]
[Site "Forni di Sopra"]
[Date "2018.06.10"]
[Round "2.10"]
[White "Qendro, Llambi"]
[Black "Dev, Shah"]
[Result "1-0"]
[WhiteElo "2334"]
[BlackElo "1997"]
[Annotator "TA"]
[PlyCount "51"]
[EventDate "2018.??.??"]
[EventType "swiss"]
[EventCountry "ITA"]
[SourceTitle "playchess.com"]
[Source "ChessBase"]
[SourceQuality "1"]

{[%evp 16,51,34,32,32,28,40,37,45,31,150,146,201,72,220,225,211,120,113,107,126,116,233,235,468,447,938,918,840,843,2140,2041,29983,29984,29982,29983,29978,6815]} 1. d4 d5 2. c4 c6 3. cxd5 cxd5 4. Bf4 Nc6 5. Nc3 Nf6 6. e3 e6 7. Bd3 Bd6 8. Bxd6 Qxd6 9. f4 a6 {D10: Slav Defence: 3 cxd5 (without early Nf3) and 3 Nc3} (9... O-O 10. Nf3 Bd7 11. Ne5 Rfc8 12. O-O Be8 13. Rf3 g6 14. Rh3 Nd7 15. Qe1 Qe7 16. Qg3 f6 17. Ng4 Qg7 18. Nh6+ {1-0 (73) Aronian,L (2815)-Kamsky,G (2762) Beijing 2012}) 10. Nf3 b5 11. O-O O-O {White is slightly better.} 12. Ne5 Nd7 {[#]} (12... Nb4 $14) 13. Qc2 $146 ({Predecessor:} 13. Rc1 Bb7 14. Qh5 f5 15. Nxd7 Qxd7 16. g4 g6 17. Qg5 {0-1 (83) Moskow,E (2229)-Hole,O (2387) Gausdal 2008}) 13... Nb4 (13... Nf6 $16) 14. Bxh7+ $18 Kh8 15. Qb1 Nf6 16. Bd3 ({White should try} 16. a3 $18) 16... Nxd3 $16 17. Qxd3 b4 18. Na4 Ne4 {[#]} (18... Bd7 $16) 19. Nc5 $1 $18 {[%mdl 512]} Nxc5 $2 (19... Qe7 20. Nxe4 dxe4 21. Qxe4 Bb7) 20. dxc5 Qxc5 (20... Qd8 $142 21. Rf3 g6) 21. Rf3 {White threatens Rh3+ and mate.} Kg8 22. Rh3 {[%csl Gh3][%cal Rd3h7]} f5 23. Qd1 {Threatening mate with Qh5.} Rf6 24. Qh5 {[%csl Gh3][%cal Rh5h8] White mates.} Kf8 25. Qh8+ Ke7 26. Qxg7+ {Precision: White = 91%, Black = 35%.} 1-0

[Event "Forni di Sopra Dolomiti 2018"]
[Site "Forni di Sopra"]
[Date "2018.06.10"]
[Round "2.11"]
[White "Terao, Juliana Sayumi"]
[Black "Loiacono, Leonardo"]
[Result "1/2-1/2"]
[WhiteElo "2292"]
[BlackElo "2313"]
[Annotator "TA"]
[PlyCount "101"]
[EventDate "2018.??.??"]
[EventType "swiss"]
[EventCountry "ITA"]
[SourceTitle "playchess.com"]
[Source "ChessBase"]
[SourceQuality "1"]

{[%evp 20,101,37,44,43,38,46,33,53,-15,-12,-10,-10,-18,0,-27,0,-70,-52,-49,-56,-69,-63,-73,-82,-561,-45,-68,-21,-21,-22,-14,6,6,81,83,95,8,12,0,12,12,17,15,62,33,33,35,41,29,41,29,145,134,733,704,719,646,717,592,618,597,525,424,358,162,424,424,883,785,1008,999,898,837,1260,1250,995,8,8,0,881,0,8,0]} 1. e4 e5 2. Nf3 Nc6 3. Bb5 g6 4. d4 exd4 5. Bg5 Be7 6. Bxe7 Qxe7 7. Bxc6 dxc6 8. Qxd4 Nf6 9. Nc3 Bg4 {C60: Ruy Lopez: Unusual Black 3rd moves and 3...g6} 10. Nd2 O-O (10... c5 11. Qe3 O-O-O 12. f3 Be6 13. O-O-O b6 14. g4 Nd7 15. h3 Ne5 16. f4 Nc6 17. Nf3 {0-1 (34) Guseinov,G (2645)-Carlsen,M (2832) chess.com INT 2017}) 11. h3 {LiveBook: 5 Games} Rfd8 {White is slightly better.} 12. Qe3 Be6 13. O-O-O b5 {[%cal Bb7b5,Bb5b4][%mdl 32]} 14. Kb1 (14. Nf3 $14) 14... a5 $11 15. g4 $146 {[%cal Bg2g4,Bg4g5][%mdl 32]} ({Predecessor:} 15. Qh6 a4 16. e5 Nd7 17. Rhe1 {0-1 (26) Belli,G (2169)-Loiacono,A (2182) Spilimbergo 2017}) 15... a4 16. Ne2 b4 17. g5 Nd7 18. f4 (18. Nd4 $1 $11 Qd6 19. Nxe6 Qxe6 20. Rhe1) 18... Qc5 $15 19. Qxc5 Nxc5 20. Ng3 b3 $1 {[%cal Rb3c2]} 21. axb3 axb3 22. f5 $2 {[%mdl 8192] [#]} (22. cxb3 $17 {is tougher.} Rd3 23. Rhg1) 22... bxc2+ $2 (22... Ra1+ $1 $19 {[%mdl 512]} 23. Kxa1 bxc2) 23. Kxc2 gxf5 24. exf5 Bd5 25. Rhe1 Rdb8 26. Ra1 Ra4 (26... Rxa1 $11 27. Rxa1 f6) 27. Rxa4 $16 Nxa4 28. b3 (28. Nde4 $1 $16) 28... Nc5 $11 29. Re3 Kf8 30. Nh5 Nd7 $1 31. Kc3 c5 32. f6 (32. Nf4 {is interesting.} Bc6 33. Nd3 Nb6 34. Re5 Nd5+ 35. Kb2) 32... Re8 33. Rxe8+ Kxe8 $14 {[%mdl 4096] Endgame KBN-KNN} 34. Nf4 Bb7 35. Nc4 Nb6 (35... h6 $11 {remains equal.}) 36. Ne5 $16 Nd5+ $2 {[%mdl 8192]} (36... Bc8 $16 37. h4 Nd7) 37. Nxd5 $18 Bxd5 {KB-KN} 38. Nd3 Kd7 39. Nxc5+ Kd6 40. Kd4 Bf3 41. b4 Bh5 42. b5 (42. Ne4+ $142 Kc6 43. h4) 42... Be2 $2 {[#]} (42... Bf3 {was worth a try.} 43. Ne4+ Kd7) 43. Nb7+ $1 Kd7 {[#]} (43... Ke6 $142 44. Nd8+ Kd7) 44. Kc5 $1 Bf3 45. Na5 Bg2 46. h4 Ke6 47. Nc6 Kf5 48. Nd8 $2 ({White should play} 48. Nb4 $18 Ke6 49. Na6) 48... Kg6 $11 49. Nc6 $2 {[%mdl 8192]} (49. Kd4 $11) 49... Kf5 $18 50. Nd8 $2 ({Better is} 50. Nb4 $18 Ke6 51. Na6) 50... Kg6 $11 51. Nc6 {Precision: White = 50%, Black = 26%.} 1/2-1/2

[Event "Forni di Sopra Dolomiti 2018"]
[Site "Forni di Sopra"]
[Date "2018.06.10"]
[Round "2.12"]
[White "Privitera, Franco"]
[Black "Garofalo, Simone"]
[Result "1/2-1/2"]
[WhiteElo "2011"]
[BlackElo "2110"]
[Annotator "TA"]
[PlyCount "152"]
[EventDate "2018.??.??"]
[EventType "swiss"]
[EventCountry "ITA"]
[SourceTitle "playchess.com"]
[Source "ChessBase"]
[SourceQuality "1"]

{[%evp 15,152,0,13,-13,-1,0,3,-25,20,0,16,10,14,-27,35,0,108,102,104,102,108,104,106,97,99,90,120,117,119,113,113,113,113,111,115,115,122,112,126,83,118,117,110,118,121,112,115,121,121,114,124,120,115,118,115,111,113,0,118,118,93,116,190,175,162,86,183,104,198,208,203,97,97,90,193,193,193,97,90,90,264,264,263,263,254,110,205,0,243,218,204,194,194,187,185,176,172,166,117,130,158,90,131,90,90,90,90,64,64,64,64,64,90,90,90,64,92,39,45,49,35,59,64,64,64,0,0,0,37,8,37,37,64,64,64,13,14,8,8]} 1. g3 Nf6 2. Bg2 g6 3. Nf3 Bg7 4. O-O O-O 5. c4 d6 6. Nc3 Nc6 7. d3 e5 8. Bd2 h6 {LiveBook: 29 Games} 9. Nd5 {A26: English Opening vs King's Indian with ...Nc6 and d3} Be6 10. Qb3 $146 ({Predecessor:} 10. Nxf6+ Qxf6 11. Bc3 g5 12. Nd2 Qg6 13. b4 a6 14. a4 Rab8 15. b5 axb5 16. axb5 {½-½ (49) Gallegos,C-Zapata,A (2454) Caracas 1999}) 10... Rb8 11. Rfc1 Kh7 12. e3 Ne7 {[%cal Rf6d5]} 13. Nxf6+ Bxf6 14. d4 c6 ({Black should play} 14... e4 $11 15. Ne1 b5) 15. Qa3 Qc7 (15... e4 $11 16. Ne1 d5) 16. Bb4 $16 Rfd8 17. Bxd6 Qxd6 18. Qxd6 Rxd6 19. dxe5 {[#]} Bxe5 $1 {[%mdl 512]} 20. Nxe5 Rd2 21. b3 Rbd8 22. Nf3 Rb2 23. Rcb1 Rxb1+ 24. Rxb1 c5 25. Kf1 Kg7 26. Ke1 Nc6 27. a3 b6 28. Rd1 Rxd1+ 29. Kxd1 {[%mdl 4096] Endgame KBN-KBN} Bg4 30. h3 Bd7 31. Kc2 Kf6 32. Kc3 Nd8 33. Nd2 Ke7 34. f4 Ne6 35. g4 Ng7 36. e4 (36. Kd3 $16) 36... h5 (36... Ne6 $11 {remains equal.}) 37. f5 $1 hxg4 38. hxg4 gxf5 (38... f6 $16 39. Bf3 (39. fxg6 Bxg4 40. b4 cxb4+ 41. axb4 Bh5 $11) 39... Kd6) 39. exf5 $18 Ne8 40. Bf3 ({Better is} 40. Kd3 $18) 40... Nd6 (40... Kf6 $16) 41. b4 (41. Kd3 $18) 41... cxb4+ (41... Ba4 $16 {is a better defense.}) 42. axb4 f6 43. Nb3 (43. Bd5 $18) 43... Nf7 $16 44. b5 Ne5 (44... Bc8 $16 {might work better.}) 45. Be2 $18 Be8 46. Nd4 (46. Kd4 $18) 46... Bd7 $16 47. Nc2 Be8 $2 (47... Bc8 $16) 48. Ne3 $18 Bf7 49. Kd4 Kd6 50. Ng2 (50. Nf1 $18 {and White stays clearly on top.}) 50... Bg8 (50... Nd7 $16 51. Nf4 Nc5) 51. Ne3 Bf7 52. Nd1 Bg8 53. Nc3 Nd7 54. Ne4+ Ke7 55. c5 bxc5+ 56. Nxc5 Nb6 57. Ne4 Bd5 {[#]} 58. Ke3 (58. Nd2 $142 $1) 58... Bf7 59. Nc3 Kd6 60. Kf4 Ke7 61. Bf3 Bc4 62. Bb7 Kf7 63. Ke4 Ke7 64. Kd4 Bf1 65. Bf3 Kd6 66. Ne4+ ({White should try} 66. Be2 $16 Bg2 67. Ne4+ Ke7 68. Nd2) 66... Ke7 $14 67. Kc5 Nd7+ 68. Kb4 a6 69. bxa6 Bxa6 70. Nc3 (70. Kc3 $1 $14) 70... Kd6 $11 71. Ne4+ Ke7 72. Bd1 Bf1 73. Kc3 Ba6 74. Kd4 Bb5 75. Bb3 (75. Ke3 $14) 75... Be2 76. Be6 Nf8 {Precision: White = 39%, Black = 41%.} 1/2-1/2

[Event "Forni di Sopra Dolomiti 2018"]
[Site "Forni di Sopra"]
[Date "2018.06.12"]
[Round "4.1"]
[White "Beshukov, Sergei"]
[Black "Castellanos Rodriguez, Renier"]
[Result "1/2-1/2"]
[WhiteElo "2402"]
[BlackElo "2501"]
[Annotator "TA"]
[PlyCount "41"]
[EventDate "2018.??.??"]
[EventType "swiss"]
[EventCountry "ITA"]
[SourceTitle "playchess.com"]
[Source "ChessBase"]
[SourceQuality "1"]

{[%evp 27,29,38,60,18]} 1. c4 c5 2. Nf3 Nf6 3. d4 cxd4 4. Nxd4 b6 5. Nc3 Bb7 6. f3 d6 7. e4 e6 8. Be2 Be7 9. O-O O-O 10. Be3 a6 11. Qd2 Qc7 12. Rfc1 {B41: Sicilian: Kan Variation: 5 c4} Rc8 13. Kh1 Nbd7 14. a4 Rab8 {LiveBook: 3 Games} 15. b4 {[#]} {Predecessor:} Qd8 $146 16. Nb3 Ba8 17. a5 bxa5 18. Nxa5 Rxb4 19. Nb5 axb5 20. Qxb4 bxc4 21. Rxc4 {1-0 (99) Duda,J (2671)-Artemiev,V (2653) Martuni 2016} 1/2-1/2

[Event "Forni di Sopra Dolomiti 2018"]
[Site "Forni di Sopra"]
[Date "2018.06.12"]
[Round "4.2"]
[White "Stella, Andrea"]
[Black "Ceschia, Ivano"]
[Result "1-0"]
[WhiteElo "2500"]
[BlackElo "2325"]
[Annotator "TA"]
[PlyCount "83"]
[EventDate "2018.??.??"]
[EventType "swiss"]
[EventCountry "ITA"]
[SourceTitle "playchess.com"]
[Source "ChessBase"]
[SourceQuality "1"]

{[%evp 24,83,30,0,32,32,32,32,29,28,55,68,172,67,85,0,16,-22,14,20,0,0,32,23,70,18,15,16,74,81,121,117,124,109,143,127,168,161,471,120,296,299,1139,1160,3808,1893,4359,3166,2237,1979,3768,3337,2258,1743,5125,5122,29945,12842,29961,5585,29968,11572]} 1. d4 e6 2. c4 Nf6 3. Nc3 Bb4 4. Qc2 O-O 5. Nf3 d5 6. a3 Bxc3+ 7. Qxc3 dxc4 8. Qxc4 b6 9. Bg5 {E36: Nimzoindisch (4.Dc2)} Ba6 10. Qa4 h6 11. Bh4 c5 12. dxc5 bxc5 13. Rc1 {LiveBook: 18 Partien} Qb6 14. Bxf6 $1 gxf6 15. Rc2 Rd8 16. e3 {[#]} Bb7 $146 ({Nicht} 16... Qd6 $2 17. Rd2 $18) ({Vorgänger:} 16... Bxf1 17. Rxf1 {1-0 (55) Navara,D (2697)-Rausis,I (2518) Ledec nad Sazavou 2013}) 17. Be2 f5 (17... Nd7 $14) 18. Nd2 (18. Qh4 $18) 18... Kh7 19. Bf3 (19. Rg1 $16) 19... Nd7 $11 20. Nc4 {[%cal Bd2c4,Bc4d6,Bd6e4,Be4c5,Bc5e6][%mdl 32]} Qc7 21. Bxb7 Qxb7 22. O-O Rg8 {[%csl Gg8][%cal Rb7g2]} 23. f3 Nf6 24. e4 ({Lieber} 24. Rcf2 $14) 24... fxe4 25. Nd6 $36 {[%mdl 2048] Weiss hat Druck.} Qc7 (25... Qb6 $11 26. Nc4 Qc7) 26. Nxe4 $16 Nd5 27. Nxc5 {Droht De4+ und aus.} Rg6 {und wenn ...Se3 ginge, stände Schwarz gut.} 28. Qe4 f5 29. Qd4 Rag8 30. Rff2 Nf4 $2 {[#]} (30... Qf4 {ist eine bessere Chance.} 31. Qxf4 Nxf4) 31. Kf1 $2 (31. Nxe6 $1 $18 {[%mdl 512] und Weiss behält klar die Oberhand.} Qb6 (31... Nxe6 32. Rxc7+) 32. Qxb6 (32. Rc7+ Qxc7 33. Nxc7 Rxg2+ 34. Rxg2 Ne2+ 35. Kf2 Rxg2+ 36. Kxg2 Nxd4 $16) 32... Nh3+ 33. Kf1 axb6 34. Rc7+ Kh8 35. Re2) 31... Rd8 $2 {[#]} (31... e5 $16 32. Qd7+ Qxd7 33. Nxd7 Rd6) 32. Nxe6 $1 $18 {[%mdl 512]} Qb8 $2 (32... Qxc2 33. Rxc2 (33. Qxa7+ {wird mattgesetzt.} Kh8 34. Qh7+ Kxh7 35. Ng5+ Rxg5 36. Rxc2 Rd1+ 37. Kf2 Rxg2+ 38. Ke3 Nd5#) 33... Rxd4 34. Rc7+ Kh8 35. Rc8+ Kh7 36. Nxd4 Nxg2 37. Rc7+ Kh8 38. Rxa7 Nh4) (32... Nxe6 33. Rxc7+) 33. Nxd8 Rd6 34. Qxf4 Rd1+ 35. Ke2 Qxf4 36. Kxd1 Qxh2 37. Rcd2 Qb8 38. Kc1 Qe5 39. Rfe2 Qc7+ 40. Kb1 Kg6 41. Ne6 (41. Re6+ $142 Kg5 42. Red6 Qe7 43. R2d4 f4 44. R4d5+ Kh4 45. Rxh6+ Kg3 46. Rd2 Qe1+ 47. Kc2 Qxd2+ 48. Kxd2) 41... Qc4 42. g3 {Precision: Weiß = 37%, Schwarz = 14%.} 1-0

[Event "Forni di Sopra Dolomiti 2018"]
[Site "Forni di Sopra"]
[Date "2018.06.12"]
[Round "4.3"]
[White "Rotstein, Arkadij"]
[Black "Bellia, Fabrizio"]
[Result "0-1"]
[WhiteElo "2490"]
[BlackElo "2428"]
[Annotator "TA"]
[PlyCount "90"]
[EventDate "2018.??.??"]
[EventType "swiss"]
[EventCountry "ITA"]
[SourceTitle "playchess.com"]
[Source "ChessBase"]
[SourceQuality "1"]

{[%evp 23,90,-41,-35,-56,-29,-64,-61,-57,-33,-81,-56,-113,-117,-144,-77,-160,-161,-148,-111,-212,-208,-223,-223,-225,-233,-231,-229,-231,-244,-285,-257,-253,-257,-245,-246,-261,-260,-249,-252,-248,-246,-237,-230,-232,-161,-164,-165,-480,-480,-464,-291,-287,-214,-209,-215,-209,-213,-699,-691,-671,-664,-697,-654,-608,-597,-3193,-2626,-2087,-1790]} 1. g3 d5 2. Nf3 Nf6 3. Bg2 c5 4. O-O Nc6 5. d3 g6 6. Nbd2 Bg7 7. e4 O-O 8. Re1 d4 9. a4 e5 10. Nc4 Ne8 11. c3 Nd6 {A08: Königsindisch im Anzug} (11... dxc3 12. bxc3 Be6 13. Ne3 Nc7 14. h4 Bh6 15. Ba3 b6 16. d4 exd4 17. cxd4 cxd4 18. Bxf8 Bxf8 19. Nf5 gxf5 {0-1 (34) Brigljevic,M (2199)-Jankovic,A (2569) Zagreb 2014}) 12. Nxd6 Qxd6 {LiveBook: 3 Partien} 13. a5 Bd7 {Schwarz steht etwas besser.} 14. b4 cxb4 15. cxb4 b5 (15... Qxb4 $6 16. Ba3 $11) 16. Nd2 $146 ({Vorgänger:} 16. axb6 axb6 17. Bd2 Rfc8 18. Qb3 Be6 19. Qb2 {1-0 (40) Siekaniec,J (2076)-Bajerlein,D (2104) Jastrzebia Gora 2016}) 16... Rfc8 (16... Nxb4 $2 17. Ba3 $18) 17. Ba3 (17. Rb1 $1 $15) 17... Bf8 $17 (17... Nxb4 $2 18. Rb1 $18) 18. Rf1 Bh6 (18... Qe6 $142 19. Qb1 Bd6) 19. Nb3 ({Besser ist} 19. Qe2) 19... Nxb4 20. f4 Rc3 (20... exf4 21. e5 $1 $14 {[%mdl 512]}) 21. Kh1 (21. fxe5 $17 Qe7 22. Kh1) 21... Bf8 $19 ({Minderwertig wäre} 21... exf4 22. e5 $1 $15 {[%mdl 512]}) 22. Nc1 {[#]} Rxa3 $1 {[%mdl 512]} 23. Rxa3 {[#]} Nc2 $1 {[%mdl 512]} 24. Qxc2 {Schwarz muss nun Tb3 beachten.} Qxa3 25. fxe5 Rc8 ({Bloß nicht} 25... Qxa5 26. Qf2 $17) 26. Qd2 Qc3 27. Qf2 Be6 28. Ne2 Qxd3 29. Nf4 Qe3 30. Nxe6 Qxf2 ({Schwächer ist} 30... fxe6 31. Qf6 $16) 31. Rxf2 fxe6 {[%mdl 4096] Endspiel KTL-KTL} 32. Bh3 Rc6 33. Rd2 Bc5 34. Rc2 Kf7 35. a6 $2 (35. Rc1 {leistet mehr Widerstand.}) 35... d3 36. Rd2 Rxa6 37. Rxd3 Ke7 38. Rc3 {[#]} Rc6 $1 39. Bf1 b4 {[%cal Bb5b4,Bb4b3,Bb3b2][%mdl 32]} 40. Rc1 $2 (40. Rc2) 40... b3 {Schwarz steht klar auf Gewinn.} 41. Bd3 b2 42. Rc4 Kd7 43. Kg2 a5 44. Kf3 Bg1 45. Rxc6 Kxc6 {Precision: Weiß = 25%, Schwarz = 75%.} 0-1

[Event "Forni di Sopra Dolomiti 2018"]
[Site "Forni di Sopra"]
[Date "2018.06.12"]
[Round "4.4"]
[White "Vezzosi, Paolo"]
[Black "Santos Ruiz, Miguel"]
[Result "0-1"]
[WhiteElo "2316"]
[BlackElo "2527"]
[Annotator "TA"]
[PlyCount "68"]
[EventDate "2018.??.??"]
[EventType "swiss"]
[EventCountry "ITA"]
[SourceTitle "playchess.com"]
[Source "ChessBase"]
[SourceQuality "1"]

{[%evp 21,68,-45,-41,-49,-45,-61,-54,-61,-25,-17,-19,-29,-4,-23,-18,-26,-29,-22,-25,-29,-20,-86,-10,-70,-65,-84,-79,-90,-90,-85,-105,-119,-124,-144,-146,-197,-183,-204,-199,-197,-198,-402,-400,-479,-493,-676,-676,-930,-915]} 1. d4 Nf6 2. Nf3 d5 3. Bf4 c5 4. e3 Nc6 5. c3 Qb6 6. Qb3 c4 7. Qc2 Bf5 8. Qc1 Nh5 {D02: 1 d4 d5 2 Nf3 sidelines, including 2...Nf6 3 g3 and 2...Nf6 3 Bf4} (8... h6 9. h3 e6 10. Nbd2 Be7 11. Be2 Qd8 12. Ne5 Nxe5 13. Bxe5 O-O 14. O-O b5 15. Re1 Ne4 16. Bf3 Ng5 17. Bd1 {½-½ (36) Stupak,K (2573)-Gelfand,B (2729) Tbilisi 2017}) 9. Nbd2 Nxf4 10. exf4 e6 11. Be2 Be7 {LiveBook: 3 Games} 12. Nf1 Qc7 13. Ng3 $146 ({Predecessor:} 13. g3 h6 14. h4 {0-1 (27) Muschik,B (2303)-Schlecht,D (2397) Germany 2010}) 13... Bg4 14. O-O Bxf3 15. Bxf3 g6 16. Re1 Qd6 17. b4 cxb3 18. axb3 O-O 19. Qe3 a5 20. Red1 Rfd8 21. c4 (21. Be2 $11) 21... Bf6 (21... dxc4 $17 22. d5 exd5 23. Bxd5 Qc5 24. Qxc5 Bxc5 25. Bxc4 Kg7) 22. c5 (22. cxd5 $11 exd5 23. Ne2) 22... Qb8 $15 23. Ne2 b6 {Threatens to win with ...bxc5.} 24. cxb6 Qxb6 25. Ra4 Rab8 26. Rc1 Rdc8 27. Rc3 {[#]} Nb4 $1 {[%cal Bc6b4,Bb4c2,Bc2e1][%mdl 32]} 28. h3 (28. Qd2 $17) 28... Nc2 $19 29. Qd2 {And now Qxc2 would win.} Rxc3 30. Qxc3 Qxb3 31. Qxa5 $2 {[#]} (31. Rxa5 Qxc3 32. Nxc3) 31... Ne1 $1 {[%mdl 512]} 32. Bg4 (32. Qxe1 Qxa4) 32... h5 {Strongly threatening ...Qd1.Black is clearly winning.} 33. Nc1 Qc2 34. Ra1 Bxd4 {Precision: White = 23%, Black = 78%.} 0-1

[Event "Forni di Sopra Dolomiti 2018"]
[Site "Forni di Sopra"]
[Date "2018.06.12"]
[Round "4.5"]
[White "Lazic, Miroljub"]
[Black "Terao, Juliana Sayumi"]
[Result "1-0"]
[WhiteElo "2506"]
[BlackElo "2292"]
[Annotator "TA"]
[PlyCount "57"]
[EventDate "2018.??.??"]
[EventType "swiss"]
[EventCountry "ITA"]
[SourceTitle "playchess.com"]
[Source "ChessBase"]
[SourceQuality "1"]

{[%evp 15,57,19,37,36,42,39,62,63,92,95,91,79,141,150,181,176,174,154,174,177,145,95,316,309,295,307,293,317,315,287,384,390,452,438,452,417,582,589,631,625,660,647,641,635]} 1. g3 Nf6 2. Bg2 d5 3. Nf3 g6 4. c4 c6 5. b3 Bg7 6. Bb2 O-O 7. O-O a5 8. d3 Na6 9. a3 {A11: English Opening: 1...c6} Bf5 10. Nbd2 a4 $146 ({Predecessor:} 10... Qb6 11. Qc2 Rad8 12. Rac1 Qa7 13. Bd4 c5 14. Bxf6 Bxf6 15. cxd5 Bg4 16. e4 b6 {1-0 (31) Demuth,A (2545)-Stefansson,H (2602) Berlin 2015}) 11. b4 {White is slightly better.} b5 12. Rc1 Rc8 13. Re1 Qd7 (13... Re8 $142) 14. e4 $16 dxe4 15. dxe4 {[%cal Bd3e4,Be4e5][%mdl 32]} ({Weaker is} 15. Nxe4 Nxe4 16. Bxg7 Nxf2 $11) 15... Bh3 16. e5 Bxg2 17. Kxg2 Ne8 18. Qe2 {And now cxb5 would win.} Qb7 $2 {[#]} (18... Nec7 $16 {was worth a try.}) 19. cxb5 $18 cxb5 20. Rxc8 Qxc8 21. Qxb5 Nec7 22. Qxa4 Qb7 23. Qd7 e6 24. Rc1 Bh6 25. Qc6 Qxc6 26. Rxc6 {White is clearly winning.} Ra8 27. Ne4 Bf8 28. Nf6+ Kg7 29. Nd4 {Precision: White = 86%, Black = 21%.} 1-0

[Event "Forni di Sopra Dolomiti 2018"]
[Site "Forni di Sopra"]
[Date "2018.06.12"]
[Round "4.6"]
[White "Martinez, Ayelen"]
[Black "Strikovic, Aleksa"]
[Result "1-0"]
[WhiteElo "2209"]
[BlackElo "2493"]
[Annotator "TA"]
[PlyCount "43"]
[EventDate "2018.??.??"]
[EventType "swiss"]
[EventCountry "ITA"]
[SourceTitle "playchess.com"]
[Source "ChessBase"]
[SourceQuality "1"]

{[%evp 9,43,0,-25,-32,-19,-34,0,4,10,7,20,8,4,0,18,-16,-18,-58,-56,-45,-41,-32,-31,-31,7,16,28,-25,-17,-27,308,312,319,345,320,323]} 1. e4 d6 2. d4 Nf6 3. Nc3 e5 4. Nf3 Nbd7 5. g4 (5. Bc4 Be7 6. a4 O-O 7. O-O c6 8. Re1 b6 9. h3 a6 10. Ba2 Rb8 11. Be3 b5 12. axb5 axb5 13. b4 Bb7 14. Bb3 exd4 15. Nxd4 d5 16. exd5 Bxb4 17. Bd2 cxd5 18. Ncxb5 Bxd2 19. Qxd2 {½-½ (30) Kryvoruchko,Y (2705)-Laznicka,V (2671) Brest 2018}) 5... Nxg4 6. Rg1 {C41: Philidor Defence} Ngf6 7. Bc4 {[#] Ng5 is the strong threat.} exd4 8. Qxd4 {With the idea Bf4.The position is equal.} c6 9. Bf4 {aiming for 0-0-0.} Qb6 $1 10. O-O-O {Threatening Qd2.} Qxd4 11. Rxd4 {White wants to play Ng5.} Nb6 12. Be2 $146 ({Predecessor:} 12. Bb3 d5 13. exd5 Nbxd5 14. Bxd5 Nxd5 15. Rxd5 cxd5 16. Nxd5 {0-1 (53) Pavlov,O (2187)-Sergeev,I (2053) Krasnoyarsk 2013}) 12... d5 13. exd5 Nbxd5 14. Nxd5 Nxd5 15. Re4+ Be7 16. Bd6 Be6 17. Bxe7 Nxe7 18. Nd4 (18. Rxg7 $142 Nf5 19. Rg5) 18... O-O $11 19. Bg4 Ng6 $2 {[%mdl 8192]} (19... Bxg4 $11 {and Black has nothing to worry.} 20. Rxe7 Bc8) 20. Nxe6 $18 {White has a decisive advantage.} fxe6 21. Bxe6+ Kh8 {[#]} 22. Rxg6 $1 {[%mdl 512] Precision: White = 48%, Black = 33%.} 1-0

[Event "Forni di Sopra Dolomiti 2018"]
[Site "Forni di Sopra"]
[Date "2018.06.12"]
[Round "4.7"]
[White "Bryzgalin, Kirill"]
[Black "Calzetta Ruiz, Monica"]
[Result "1-0"]
[WhiteElo "2427"]
[BlackElo "2289"]
[Annotator "TA"]
[PlyCount "41"]
[EventDate "2018.??.??"]
[EventType "swiss"]
[EventCountry "ITA"]
[SourceTitle "playchess.com"]
[Source "ChessBase"]
[SourceQuality "1"]

{[%evp 16,41,0,0,0,0,0,0,0,0,15,-1,130,119,211,170,279,274,374,378,392,397,381,445,848,846,861,852]} 1. d4 Nf6 2. Nf3 d5 3. Bf4 c5 4. e3 Nc6 5. c3 e6 6. Nbd2 Bd6 7. Bg5 {D02: Damenbauernspiele} (7. dxc5 Bxc5 8. Bd3 h6 9. Qe2 Nh5 10. Bg3 Nxg3 11. hxg3 Bd7 12. e4 dxe4 13. Nxe4 Be7 14. g4 Qc7 15. g5 O-O-O 16. gxh6 gxh6 {½-½ (101) Mamedyarov,S (2809)-Nakamura,H (2787) Moscow 2018}) 7... h6 8. Bh4 O-O 9. Be2 {LiveBook: 5 Partien. Die Stellung ist ausgeglichen.} b6 10. O-O Bb7 11. Re1 $146 ({Vorgänger:} 11. Bg3 Qc7 12. a3 Bxg3 13. hxg3 e5 14. dxe5 Nxe5 15. Nxe5 Qxe5 {½-½ (44) Perhinig,R (2262)-Titan,M (2117) Graz 2010}) 11... Rc8 12. a4 Kh8 13. Bd3 e5 (13... Rg8 $11) 14. e4 $16 cxd4 (14... dxe4 $16 15. Nxe4 Be7) 15. exd5 $18 dxc3 (15... Ne7 $142) 16. Bxf6 gxf6 17. dxc6 Rxc6 18. bxc3 Rxc3 19. Ne4 Bb4 (19... Bxe4 $142 20. Rxe4 f5) 20. Qd2 Kg7 21. Nxc3 {Precision: Weiß = 88%, Schwarz = 24%.} 1-0